000
00339nam a22001577a 4500
003
SGT
020
_a
8175560918
082
_a
651.74, DIW
100
_a
DIWAN,PARAG
245
_a
BUSINESS COMMUNICATION
250
_a
1ST
260
_a
NEW DELHI
_b
EXCEL PUBLICATION
_c
1997
300
_a
144
650
_a
OFFICE SERVICES
942
_2
ddc
_c
FCM
999
_c
8910
_d
8910